000 00349nam a22001457a 4500
020 _qHB.
040 _cFIZZA ISHAQ
082 _a540
_bREY
100 _aCHANG,REYMOND.
_9133763
245 _aCHEMISTRY /
_cREYMOND CHANG.
250 _a11TH ED.
260 _aNEW YORK ;
_bMC GRAW HILL,
_c2013.
300 _a1085 P. ;
_c10.8X8.2IN
942 _2ddc
_cBK
999 _c616618
_d616618